LEADER 01660nam 22004333 450 001 9911063627403321 005 20251215120347.0 010 $a1-5231-6515-4 010 $a0-7844-8648-4 035 $a(MiAaPQ)EBC32454054 035 $a(Au-PeEL)EBL32454054 035 $a(CKB)44213404400041 035 $a(EXLCZ)9944213404400041 100 $a20251215d2025 uy 0 101 0 $aeng 135 $aurcnu|||||||| 181 $ctxt$2rdacontent 182 $cc$2rdamedia 183 $acr$2rdacarrier 200 10$aCissc 2025 205 $a1st ed. 210 1$aReston :$cAmerican Society of Civil Engineers,$d2025. 210 4$dİ2025. 215 $a1 online resource (258 pages) 330 $aThis collection contains 26 peer-reviewed papers on challenges and innovative solutions for urban environments presented at the International Conference on Challenges and Innovations for Smart and Sustainable Cities 2025, held in Chandigarh, India, February 7-9, 2025. 606 $aBUSINESS & ECONOMICS / Development / Sustainable Development$2bisacsh 606 $aPOLITICAL SCIENCE / Public Policy / City Planning & Urban Development$2bisacsh 606 $aTECHNOLOGY & ENGINEERING / Civil / General$2bisacsh 615 7$aBUSINESS & ECONOMICS / Development / Sustainable Development 615 7$aPOLITICAL SCIENCE / Public Policy / City Planning & Urban Development 615 7$aTECHNOLOGY & ENGINEERING / Civil / General 700 $aSingh Sandhu$b Har Amrit$01893967 801 0$bMiAaPQ 801 1$bMiAaPQ 801 2$bMiAaPQ 906 $aBOOK 912 $a9911063627403321 996 $aCissc 2025$94544248 997 $aUNINA